| 000 | 00924cam a22003135a 4500 | ||
|---|---|---|---|
| 001 | 017559341 | ||
| 003 | OSt | ||
| 005 | 20201128024035.0 | ||
| 008 | 150921t2016 enka frd 001 0 eng d | ||
| 020 | _a9781292094618 | ||
| 020 | _a1292094613 | ||
| 020 | _a9781292094502 | ||
| 020 | _a1292094508 | ||
| 040 |
_aStDuBDS _beng _cStDuBDS _dEG-ScBUE _dEG-ScBUE |
||
| 082 | 0 | 4 |
_a330 _bPAR _222 |
| 100 | 1 |
_aParkin, Michael, _d1939- _929101 |
|
| 245 | 1 | 0 |
_aEconomics / _cMichael Parkin. |
| 250 | _a12th ed., Global ed. | ||
| 260 |
_aHarlow : _bPearson Education Limited, _cc.2016. |
||
| 300 |
_a(Various pagings) : _bill. ; _c28 cm. |
||
| 500 | _aIncludes student access code inside : My management lab. | ||
| 500 | _aIncludes index. | ||
| 500 | _aIncludes glossary. | ||
| 650 | 7 |
_aEconomics. _2BUEsh _9720 |
|
| 651 | _2BUEsh | ||
| 653 |
_bBUSECO _cDecember2016 _cOctober2017 |
||
| 655 |
_vText book _933728 |
||
| 942 | _2ddc | ||
| 999 |
_c23445 _d23417 |
||